Statistics for Longest Rivers in Kansas

Click here to take the quiz!

General Stats

  • This quiz has been taken 13 times
  • The average score is 8 of 25

Answer Stats

Length (in miles)River% Correct
2,341Missouri
100%
1,469Arkansas
75%
239Salt Fork Arkansas
75%
148Kansas
50%
453Republican
50%
171South Fork Republican
50%
156Arikaree
25%
359Big Blue
25%
180Caney
25%
698Cimarron
25%
245Little Blue
25%
217Marais des Cygnes
25%
130Medicine Lodge
25%
169North Fork Cimarron
25%
195North Fork Smoky Hill
25%
287North Fork Solomon
25%
397Saline
25%
575Smoky Hill
25%
184Solomon
25%
292South Fork Solomon
25%
310Verdigris
25%
159Chikaskia
0%
463Neosho
0%
198Pawnee
0%
154Walnut
0%

Score Distribution

Percentile by Number Answered

Percent of People with Each Score

Your Score History

You have not taken this quiz